000 00323nam a2200133Ia 4500
999 _c4518
_d4518
008 191201s1953 xx 000 0 und d
082 _a677
_bMAT
100 _aMARSH, J .T
245 0 _aTextile Science An Introductory Manual
260 _aLondon
_bChapman
_c1953
300 _a388
650 _aB.Tech(TE)
942 _2ddc
_cBK